Score 0/22 Timer 03:00
2 Plays Today
Phrase Element % Correct
Cat on a Hot _____ RoofTin
93.8%
'...an ____ curtain has descended across the Continent.'Iron
91%
'All that glitters is not _____.'Gold
84.4%
Reynolds Wrap _____ FoilAluminum
79.5%
_____ footprintCarbon
77.7%
_____ peroxideHydrogen
73%
Multi-_____ albumPlatinum
71%
_____ ValleySilicon
68.3%
From A to _____Zinc
67%
'Your name is Kal-El. You are the only survivor of the planet _____.'Krypton
61.9%
Go over like a _____ balloonLead
61.8%
Phrase Element % Correct
Enriched _____Uranium
55.5%
_____-ion batteryLithium
54.1%
_____ carbonateCalcium
52.4%
_____ Slugger AwardSilver
51.7%
_____ maskOxygen
50.1%
_____ and Old LaceArsenic
48.9%
'Doc, you don't just walk into a store and buy _____.'Plutonium
46.1%
'When my eyes were stabbed by the flash of a _____ light...'Neon
40.1%
Chester _____potCopper
26.6%
Chevrolet _____Cobalt
21.8%
Project _____Mercury
12.4%

Today's Daily Dose

Missing Word
I Hardly Know Her!

Word Ladder
Sentence Ending

Quick Pick
Female Firsts

Get the Picture
Triathlon Sports

Remove Ads.
Support Sporcle.
Get the best of Sporcle when you Go Orange. This ad-free experience offers more features, more stats, and more fun while also helping to support Sporcle. Thank you for becoming a member.

You're not logged in!

Compare scores with friends on all Sporcle quizzes.
OR
Log In

Show Comments

Extras

Top Quizzes Today


Score Distribution

Your Account Isn't Verified!

In order to create a playlist on Sporcle, you need to verify the email address you used during registration. Go to your Sporcle Settings to finish the process.

Report this User

Report this user for behavior that violates our Community Guidelines.

Details: